| 000 | 00803cab a2200253 4500 | ||
|---|---|---|---|
| 001 | ABS43579 | ||
| 008 | 090401t1990 xxu||||| |||| 00| 0 eng d | ||
| 035 | _a(Sirsi) u42420 | ||
| 041 | _aeng | ||
| 100 | _aLewsley, C. | ||
| 245 | _aRating appeals - the new system | ||
| 260 | _c1990 | ||
| 350 | _a0 | ||
| 490 |
_aRating & Valuation Reporter _v(1990) 30 RVR 135-138, 167-168(5) |
||
| 520 | _aExplains the system that has applied since 1 April concerning appeals in the courts and tribunals under the new rating system. | ||
| 650 | _aALUWIHARE V M F I PROPERTIES LTD | ||
| 650 | _aCLEMENT V ADDIS LTD | ||
| 650 | _aLOCAL GOVERNMENT FINANCE ACT 1988 | ||
| 650 | _aUNIFORM BUSINESS RATE | ||
| 650 | _aVALUATION LIST | ||
| 690 | _aRATING AND VALUATION | ||
| 942 | _n0 | ||
| 948 | _c04/03/1997 | ||
| 999 |
_c27192 _d27192 |
||